00453nam a2200109Ia 4500008004100000100002400041245010500065260006300170300001800233650001700251856007500268160712s9999 xx 000 0 und d aJuliano, Hansley A. cHansley A. JulianoaTensions and Developments in Akbayan’s Alliance with the Aquino Administration c2015bKasarinlan Philippine Journal of Third World Studies avol. 30 no. 1 xINDEPENDENCE uhttp://journals.upd.edu.ph/index.php/kasarinlan/issue/view/533/showToc